000 00452nam a2200193Ia 4500
005 20240823024737.0
008 240823s9999||||xx |||||||||||||| ||und||
041 _aENGLISH
082 _A629.13 P6
100 _aRobrt Schppler
245 0 _aAircraft Oxygen Systems
250 _a1st
260 _c2006
_b"Himalaya Books,New Delhi"
500 _aTRANSFERED
650 _aAircraft
_bAME
700 _a Dale Crane
942 _cBK
999 _c184647
_d184647